000 00316nam a2200109Ia 4500
008 220204s9999 xx 000 0 und d
082 _a53.08:622.323
_bWEI
100 _aWeinberg, I
245 0 _aInstrumentation manual (Petroleum processing and petro-chemical industries)
260 _aMoscow
_bMir
_c1978
942 _cBK
999 _c34190
_d34190